000 00385nam a2200157Ia 4500
999 _c30858
_d30858
003 OSt
005 20250809165320.0
008 250310s9999||||xx |||||||||||||| ||und||
040 _c.
082 _a823.914
_bA6284
100 _95760
_aAnthony, Evelyn
245 0 _aThe Malaspiga Exit /
_cEvelyn Anthony
260 _aLondon :
_bHutchinson,
_c1974.
300 _a254 p.
942 _cBK
_2ddc